[Event "Under 2300 Spring Tournament 2"]
[Site "SchemingMind.com"]
[Date "2017.03.27"]
[Round "-"]
[White "emvarela"]
[Black "fanfan_la_Tulipe"]
[Result "0-1"]
[WhiteCountry "ARG"]
[BlackCountry "AUT"]
[WhiteElo "1757"]
[WhiteRD "53"]
[BlackElo "2076"]
[BlackRD "87"]
[GameID "412201"]

1. e4 e5 2. Nf3 Nc6 3. Bb5 a6 4. Bxc6 dxc6 5. O-O Qd6 6. d3 Ne7 7. d4 exd4 8. Nxd4 Qg6 9. Qf3 Bg4 10. Qe3 O-O-O
11. c3 Kb8 12. Qg3 c5 13. Bf4 Rd7 14. Nb3 Nc6 15. N1d2 Be6 16. Qxg6 hxg6 17. Rfd1 c4 18. Nc1 Bc5 19. Ne2 Rhd8
0-1

[Event "Under 2300 Spring Tournament 2"]
[Site "SchemingMind.com"]
[Date "2017.03.27"]
[Round "-"]
[White "fanfan_la_Tulipe"]
[Black "emvarela"]
[Result "1-0"]
[WhiteCountry "AUT"]
[BlackCountry "ARG"]
[WhiteElo "2056"]
[WhiteRD "90"]
[BlackElo "1836"]
[BlackRD "59"]
[GameID "412202"]

1. Nf3 d5 2. c4 d4 3. g3 c5 4. b4 e6 5. Bg2 Qc7 6. d3 Nc6 7. bxc5 Bxc5 8. Nbd2 Nf6 9. Nb3 Bb4+ 10. Bd2 Bxd2+
11. Qxd2 O-O 12. Nfxd4 Nxd4 13. Nxd4 Qe5 14. e3 Rd8 15. O-O Rb8 16. Qb4 Nd7 17. Qe7 Qf6 18. Qd6 Qe5 19. Nb5 Qxd6 20. Nxd6 Nc5
21. Nxc8 Rdxc8 22. d4 Nd7 23. Rfc1 b6 24. Rab1 Rc7 25. Rb2 e5 26. Bd5 exd4 27. exd4 Nf6 28. Bf3 Rbc8 29. Rbc2 Rd8 30. d5 b5
31. cxb5 Rxc2 32. Rxc2 Ne8 33. a4 g5 34. h3 Rd6 35. Rc6 Rxc6 36. dxc6 Nc7 37. Be2 Kf8 38. Bc4 Ke7 39. Kg2 f6 40. Kf3 f5
41. Ke3 Kd6 42. Kd4 Ne8 43. Bd3 Ng7 44. Bc4 h5 45. a5 h4 46. gxh4 gxh4 47. b6 axb6 48. a6 Kxc6 49. Bd5+
1-0

[Event "Under 2300 Spring Tournament 2"]
[Site "SchemingMind.com"]
[Date "2017.03.26"]
[Round "-"]
[White "Scooter"]
[Black "fanfan_la_Tulipe"]
[Result "0-1"]
[WhiteCountry "USA"]
[BlackCountry "AUT"]
[WhiteElo "1707"]
[WhiteRD "53"]
[BlackElo "2047"]
[BlackRD "81"]
[GameID "412203"]

1. d4 Nf6 2. Nf3 g6 3. Bf4 Bg7 4. e3 O-O 5. Be2 d6 6. O-O Nbd7 7. Nbd2 c5 8. c3 b6 9. Rc1 Bb7 10. Bg5 h6
11. Bxf6 Nxf6 12. Re1 Qd7 13. Bd3 Rac8 14. dxc5 dxc5 15. Bc4 Qc7 16. Qc2 Kh7 17. Qb3 e5 18. Red1 e4 19. Ne1 Ng4 20. g3 Ne5
21. Bd5 c4
0-1

[Event "Under 2300 Spring Tournament 2"]
[Site "SchemingMind.com"]
[Date "2017.03.26"]
[Round "-"]
[White "fanfan_la_Tulipe"]
[Black "Scooter"]
[Result "1-0"]
[WhiteCountry "AUT"]
[BlackCountry "USA"]
[WhiteElo "2047"]
[WhiteRD "81"]
[BlackElo "1707"]
[BlackRD "53"]
[GameID "412204"]

1. Nf3 Nf6 2. c4 g6 3. g3 Bg7 4. Bg2 O-O 5. O-O b6 6. Ne5 c6 7. d4 Bb7 8. Nc3 d6 9. Nd3 Nbd7 10. e4 e5
11. Be3 Re8 12. d5 cxd5 13. cxd5 Ba6 14. Re1 Bxd3 15. Qxd3 Nc5 16. Qd2 Rc8 17. b4 Na6 18. a3 Qd7 19. Bf1 Nc7 20. Rec1 Qg4
21. h3 Qd7 22. a4 Na8 23. Kh2 Rc7 24. Bb5
1-0

[Event "Under 2300 Spring Tournament 2"]
[Site "SchemingMind.com"]
[Date "2017.03.26"]
[Round "-"]
[White "ray winteringham"]
[Black "fanfan_la_Tulipe"]
[Result "0-1"]
[WhiteCountry "ENG"]
[BlackCountry "AUT"]
[WhiteElo "1496"]
[WhiteRD "51"]
[BlackElo "2047"]
[BlackRD "81"]
[GameID "412205"]

1. e4 e5 2. Bc4 Nf6 3. d3 h6 4. Nf3 Nc6 5. Be3 Be7 6. O-O O-O 7. Nbd2 d5 8. exd5 Nxd5 9. Bb5 Bd6 10. Bxc6 bxc6
11. a3 Bg4 12. h3 Bh5 13. Qc1 Qd7 14. Nh2 f5 15. Ndf3 f4 16. Bd2 g5 17. Qd1 Nf6 18. Qe1 Rae8 19. Rb1 e4 20. dxe4 Nxe4
21. Qc1 Bc5 22. b4 Be7 23. Qb2 Nxd2 24. Ne5 Qe6 25. Rfe1 Nxb1 26. Qxb1 Bf6 27. Nef3 Qd7 28. Rd1 Qf5 29. Rf1 g4 30. Qb3+ Kg7
31. hxg4 Bxg4 32. Nxg4 Qxg4 33. Qc4 h5 34. Qxc6 h4 35. Qxc7+ Re7 36. Qc5 h3 37. Ne1 hxg2 38. Nxg2 f3
0-1

[Event "Under 2300 Spring Tournament 2"]
[Site "SchemingMind.com"]
[Date "2017.03.26"]
[Round "-"]
[White "fanfan_la_Tulipe"]
[Black "ray winteringham"]
[Result "1-0"]
[WhiteCountry "AUT"]
[BlackCountry "ENG"]
[WhiteElo "2047"]
[WhiteRD "81"]
[BlackElo "1496"]
[BlackRD "51"]
[GameID "412206"]

1. Nf3 Nc6 2. d4 d5 3. c4 Nf6 4. cxd5 Qxd5 5. Nc3 Qd8 6. e4 e6 7. Bb5 Bd7 8. O-O a6 9. Bd3 Bb4 10. Qe2 Bxc3
11. bxc3 O-O 12. Bg5 h6 13. Bh4 g5 14. Nxg5 hxg5 15. Bxg5 e5 16. d5 Na7 17. f4 Re8 18. fxe5 Rxe5 19. Bxf6
1-0

[Event "Under 2300 Spring Tournament 2"]
[Site "SchemingMind.com"]
[Date "2017.03.26"]
[Round "-"]
[White "Iucounu"]
[Black "fanfan_la_Tulipe"]
[Result "0-1"]
[WhiteCountry "ENG"]
[BlackCountry "AUT"]
[WhiteElo "1602"]
[WhiteRD "57"]
[BlackElo "2076"]
[BlackRD "87"]
[GameID "412207"]

1. e4 e5 2. Nf3 Nc6 3. Bb5 a6 4. Ba4 Nf6 5. O-O b5 6. Bb3 Bc5 7. c3 d6 8. d4 Bb6 9. h3 O-O 10. Re1 h6
11. Be3 Bb7 12. Nbd2 Nd7 13. d5 Ne7 14. a4 Bxe3 15. Rxe3 f5 16. axb5 axb5 17. c4 fxe4 18. Rxe4 Nc5 19. Rxa8 Qxa8 20. Re1 bxc4
21. Bxc4 Bxd5 22. Bxd5+ Qxd5 23. b4 Nd3 24. Re4 Nf4 25. Qc2 c6 26. Kh2 Ra8 27. Qc4 Ra2 28. Qxd5+ Nexd5 29. Nc4 Nf6 30. Re3 e4
31. Ne1 d5 32. Ne5 d4 33. Rb3 d3
0-1

[Event "Under 2300 Spring Tournament 2"]
[Site "SchemingMind.com"]
[Date "2017.03.26"]
[Round "-"]
[White "fanfan_la_Tulipe"]
[Black "Iucounu"]
[Result "1-0"]
[WhiteCountry "AUT"]
[BlackCountry "ENG"]
[WhiteElo "2076"]
[WhiteRD "87"]
[BlackElo "1602"]
[BlackRD "57"]
[GameID "412208"]

1. Nf3 Nf6 2. c4 g6 3. g3 Bg7 4. Bg2 O-O 5. O-O d6 6. d4 Nbd7 7. Nc3 e5 8. h3 c6 9. Qc2 Re8 10. Rd1 Qc7
11. e4 exd4 12. Nxd4 a5 13. Be3 Nc5 14. Rab1 Ne6 15. b3 Nxd4 16. Bxd4 Bd7 17. Na4 c5 18. Ba1 Bc6 19. Nc3 Re7 20. Nd5 Bxd5
21. exd5 Qd7 22. Re1 Rae8 23. Qd2 Rxe1+ 24. Rxe1 Rxe1+ 25. Qxe1 Qe8 26. Qxa5 Qb8 27. Qe1 b5 28. Qe7 Ne8 29. Bxg7 Kxg7 30. h4 bxc4
31. bxc4 Qb1+ 32. Kh2 Qxa2 33. Qxe8 Qxc4 34. Qc6 Qd4 35. Qxd6 c4 36. Qc7 c3 37. d6 Qd2 38. d7 c2 39. d8=Q Qxd8 40. Qxd8 c1=Q
41. Qd4+ Kg8 42. Bd5 Qc7 43. Qc4 Qxc4 44. Bxc4 Kg7 45. g4 f6 46. Kg3 g5 47. h5 h6 48. Kf3 Kf8 49. Ke4
1-0

[Event "Under 2300 Spring Tournament 2"]
[Site "SchemingMind.com"]
[Date "2017.03.31"]
[Round "-"]
[White "fanfan_la_Tulipe"]
[Black "Wojtek26"]
[Result "1-0"]
[WhiteCountry "AUT"]
[BlackCountry "POL"]
[WhiteElo "2049"]
[WhiteRD "86"]
[BlackElo "1567"]
[BlackRD "50"]
[GameID "412209"]

1. Nf3 Nc6 2. d4 d5 3. c4 e6 4. Nc3 Bb4 5. a3 Bxc3+ 6. bxc3 h6 7. Bf4 Nf6 8. h3 O-O 9. e3 Ne4 10. Qc2 Qe7
11. Bd3 f5 12. cxd5 exd5 13. O-O g5 14. Be5 g4 15. hxg4 fxg4 16. Bxe4 dxe4 17. Nd2 Nxe5 18. dxe5 Qxe5 19. Qxe4 Qxc3 20. Rac1 Qxd2
21. Qg6+ Kh8 22. Qxh6+ Kg8 23. Qg6+ Kh8 24. Rxc7 Qd7 25. Rxd7 Bxd7 26. Qh5+ Kg8 27. Qd5+ Kg7 28. Qxd7+ Rf7 29. Qxg4+ Kf8 30. Rd1 Re8
31. Rd7
1-0

[Event "Under 2300 Spring Tournament 2"]
[Site "SchemingMind.com"]
[Date "2017.03.31"]
[Round "-"]
[White "Wojtek26"]
[Black "fanfan_la_Tulipe"]
[Result "0-1"]
[WhiteCountry "POL"]
[BlackCountry "AUT"]
[WhiteElo "1603"]
[WhiteRD "50"]
[BlackElo "2076"]
[BlackRD "87"]
[GameID "412210"]

1. d4 Nf6 2. Nc3 d5 3. Bg5 Nbd7 4. Nf3 h6 5. Bh4 e6 6. e3 Be7 7. Bd3 c5 8. O-O O-O 9. h3 b6 10. Bb5 Bb7
11. Qe2 a6 12. Bxd7 Nxd7 13. Bxe7 Qxe7 14. Rfd1 Rad8 15. Na4 b5 16. Nc3 cxd4 17. Nxd4 Qb4 18. Rab1 Nb6 19. a3 Qc5 20. Nb3 Qc4
21. Qg4 Qxg4 22. hxg4 Nc4 23. Nd2 Rc8 24. Nxc4 Rxc4 25. Rd4 Rfc8 26. Rxc4 Rxc4 27. Rd1 Rxg4 28. g3 h5 29. Rd4 Rxd4 30. exd4 Kh7
31. f4 Kg6 32. Kf2 Kf5 33. Kf3 g5 34. fxg5 e5 35. dxe5 d4+ 36. Ke2 dxc3 37. bxc3 Kxe5 38. Ke3 Be4
0-1

[Event "Under 2300 Spring Tournament 2"]
[Site "SchemingMind.com"]
[Date "2017.03.27"]
[Round "-"]
[White "fanfan_la_Tulipe"]
[Black "Nicola85"]
[Result "1-0"]
[WhiteCountry "AUT"]
[BlackCountry "ITA"]
[WhiteElo "2076"]
[WhiteRD "87"]
[BlackElo "1335"]
[BlackRD "79"]
[GameID "412211"]

1. Nf3 Nf6 2. c4 e6 3. g3 d5 4. Bg2 dxc4 5. Qa4+ Nbd7 6. Qxc4 c5 7. O-O b6 8. a4 Bb7 9. Nc3 Be7 10. Re1 O-O
11. d3 h6 12. Qa2 Rc8 13. Bd2
1-0

[Event "Under 2300 Spring Tournament 2"]
[Site "SchemingMind.com"]
[Date "2017.03.28"]
[Round "-"]
[White "Nicola85"]
[Black "fanfan_la_Tulipe"]
[Result "0-1"]
[WhiteCountry "ITA"]
[BlackCountry "AUT"]
[WhiteElo "1335"]
[WhiteRD "79"]
[BlackElo "2076"]
[BlackRD "87"]
[GameID "412212"]

1. d4 Nf6 2. c4 g6 3. Nc3 d5 4. cxd5 Nxd5 5. e4 Nxc3 6. bxc3 Bg7 7. Nf3 O-O 8. Bc4 c5 9. O-O Bg4 10. Be3 Nc6
11. d5 Bxf3 12. Qxf3 Ne5
0-1